00000000nam##2200000za#4500
0019.600676
003CaOODSP
00520210624205712
007cr |||||||||||
008150406|1989||||xxc|||||o    f|0| 0 fre|d
040 |aCaOODSP|bfre
043 |an-cn---
0861 |aNH18-1/129-1989F-PDF
1102 |aSociété canadienne d'hypothèques et de logement.
24510|aProjet de rechereche sur l'isolement acoustique procuré par des assemblages plancher-plafond dans les constructions à ossature de bois |h[ressource électronique]
260 |aOttawa - Ontario : |bSociété canadienne d'hypothèques et de logement |c[1989].
300 |a106p.|bfigures, graphiques
4901 |aRapport de recherche
500 |a«Révisé 900412».
590 |a11-25-Supp|b2011-10-31
77508|tResearch project on the noise isolation provided by floor/ceiling assemblies in wood construction |w(CaOODSP)9.569618
830#0|aResearch report (Société canadienne d'hypothèques et de logement : En ligne)|w(CaOODSP)9.502470
85640|ahttp://publications.gc.ca|qPDF|s2.70 Mo|uhttps://publications.gc.ca/collections/collection_2011/schl-cmhc/nh18-1/NH18-1-129-1989-fra.pdf